The Separation of East Pakistan: The Rise and Realization of Bengali Muslim Nationalism
| Автор: | |
|---|---|
| Формат: | Невідомо |
| Опубліковано: |
UPL
2001
|
| LEADER | 00244 a2200085 4500 | ||
|---|---|---|---|
| 020 | |a 9789840512439 | ||
| 100 | |a Hasan Zaheer | ||
| 245 | |a The Separation of East Pakistan: The Rise and Realization of Bengali Muslim Nationalism | ||
| 260 | |b UPL |c 2001 | ||
| 999 | |c 43364 |d 43364 | ||